Emerging trends : in global manufacturing industries.
| Format: | Book |
|---|---|
| Published: |
Vienne:
United Nations Industrial Development Organization,
2013.
|
| Subjects: |
| LEADER | 00433cam a2200121 7i4500 | ||
|---|---|---|---|
| 001 | 0000030866 | ||
| 005 | 20140218090000.0 | ||
| 090 | 0 | 0 | |a I 338.4767 |b EME |
| 245 | 0 | 0 | |a Emerging trends : |b in global manufacturing industries. |
| 260 | 0 | 0 | |a Vienne: |b United Nations Industrial Development Organization, |c 2013. |
| 300 | # | # | |a 79 p. |
| 650 | 0 | 0 | |a Manufacturing industries -- |x Trends and issues |
| 999 | |a 0000033551 |b Book |c International |e Business Information Centre | ||